Statistics for Football players starting with the letter Z

Click here to take the quiz!

General Stats

  • This quiz has been taken 50 times
  • The average score is 7 of 12

Answer Stats

Answer% Correct
Zinédine Zidane
91%
Hakim Ziyech
84%
Javier Zanetti
77%
Oleksandr Zinchenko
77%
Wilfried Zaha
73%
Pablo Zabaleta
66%
Warren Zaïre-Emery
52%
Gianfranco Zola
50%
Denis Zakaria
43%
Gianluca Zambrotta
43%
Eran Zahavi
27%
Walker Zimmerman
18%

Score Distribution

Percentile by Number Answered

Percent of People with Each Score

Your Score History

You have not taken this quiz